Dois tratados 1825-1953 (Record no. 88620)

MARC details
000 -LEADER
campo de control de longitud fija 00573nam a2200169 i 4500
001 - NÚMERO DE CONTROL
campo de control 88620
003 - IDENTIFICADOR DE NÚMERO DE CONTROL
campo de control ES-MaACL
005 - FECHA Y HORA DE LA ÚLTIMA TRANSACCIÓN
campo de control 20251005063058.0
007 - CAMPO FIJO DE DESCRIPCIÓN FÍSICA--INFORMACIÓN GENERAL
campo de control de longitud fija t|
008 - DATOS DE LONGITUD FIJA--INFORMACIÓN GENERAL
campo de control de longitud fija 050105s1958 po ||||1| spa d
100 1# - ENTRADA PRINCIPAL--NOMBRE DE PERSONA
Nombre de persona Lança, Joaquim,
Fechas asociadas al nombre 1825-1943
9 (RLIN) 69891
245 10 - MENCIÓN DEL TÍTULO
Título Dois tratados 1825-1953
Resto del título : (subsidios para a historia da Comunidade Luso-Brasileira) /
Mención de responsabilidad, etc. Joaquim Lança.
260 ## - PUBLICACIÓN, DISTRIBUCIÓN, ETC.
Lugar de publicación, distribución, etc. Lisboa :
Nombre del editor, distribuidor, etc. [s.n.],
Fecha de publicación, distribución, etc. 1958 (
Fabricante Neogravura)
300 ## - DESCRIPCIÓN FÍSICA
Extensión 55 p. ;
Dimensiones 24 cm.
852 ## - LOCALIZACIÓN
Ubicación ES-MaACL
Número de control de estantería C-27940
Sublocalización o colección R.56993
Nota libre .- Donat. José Antonio Llardent
Holdings
Estatus retirado Estado de pérdida Estado de daño No para préstamo Biblioteca de origen Biblioteca actual Ubicación en estantería Fecha de adquisición Fuente de adquisición Total de préstamos Signatura topográfica completa Código de barras Visto por última vez Precio de reemplazo Tipo de ítem Koha
        Biblioteca del Ateneo de Madrid Biblioteca del Ateneo de Madrid Depósito 2 17/01/2008     C-27940 1092569 23/02/2023 23/02/2023 Libro impreso